| 000 | 01238nam a2200337 a 4500 | ||
|---|---|---|---|
| 001 | 000001828 | ||
| 005 | 20200929145723.0 | ||
| 008 | 090629s1999 mx a 001 0 spa d | ||
| 020 | _a968752958X | ||
| 040 | _aDO-SdBNP | ||
| 082 |
_a658.8342 _bA844c, 1999 |
||
| 100 | 1 |
_aAssael, Henry _95947 |
|
| 245 | 1 | 0 |
_aComportamiento del consumidor / _cHenry Assael ; tradución Carmen Aspe Solórzano ; revisión técnica Clayna Camacho Arias, Eduardo Esteva Armida. |
| 246 | 1 | _aConsumer behavior and marketing action | |
| 250 | _a6a ed. | ||
| 260 |
_aMéxico, : _bInternational Thomson, _c1999. |
||
| 300 |
_a684 p. : _bil. ; _c27 cm. |
||
| 500 | _aIncluye índice | ||
| 500 | _aIncluye glosario y notas | ||
| 534 |
_pTítulo original: _tConsumer behavior and marketing action |
||
| 650 | 4 |
_aComportamiento del consumidor _95948 |
|
| 650 | 4 |
_aConsumidores _95949 |
|
| 650 | 4 |
_aConsumidores _xAspectos psicológicos _95950 |
|
| 650 | 4 |
_aConsumidores _xActitudes _95951 |
|
| 650 | 4 |
_aAdministración de las ventas _95952 |
|
| 700 | 1 |
_aAspe Solórzano, Carme, _etr. _95953 |
|
| 700 | 1 |
_aCamacho Arias, Clayna _95954 |
|
| 700 | 1 |
_aEsteva Armida, Eduardo _95955 |
|
| 910 | _aValidado. Control de calidad BNPHU | ||
| 999 | 9 | 9 |
_a1 _n0000307 _c1705 _d1705 |
| 049 | _aBNPD | ||